000 00504nam a2200181Ia 4500
003 GCL
008 140319s9999 xx 000 0 ara d
040 _aGCL /
_cGCL
082 0 4 _a811.9
_bم ع
100 1 _aمحمد كشيك
245 1 0 _aالعشش القديمة : شعر بالعامية المصرية /
_cمحمد كشيك
300 _a108 ص
490 _a
650 0 4 _aالشعر العربى
650 0 4 _aالادب العربى
650 0 4 _aالعصر الحديث
942 _2ddc
_cBK
999 _c46816
_d46816